000 00882nam a2200205 4500
001 216223784
003 UA-OsUOA
005 20230607091952.0
008 230607b un ||||| |||| 00| 0 ukr d
040 _aUA-OsUOA
_bukr
_cUA-OsUOA
_dUA-OsUOA
041 _aukr
080 _a908
090 _a908
100 _aФілімонова М. М.
245 _aСакральні пам'ятки Старокостянтинова. Домініканський кляштор
_cМ. М. Філімонова
300 _aС.152-158
650 _2UDC
773 0 _0573672
_9468397
_aСтарокостянтинівська міська рада
_dСтарокостянтинів Бицик Ю. В. 2017
_o165432
_tКнязі Острозькі в історії Центрально-Східної Європи: минуле і сучасність
_z9786177094643
942 _2udc
_cBKA
999 _c574384
_d574384